UBT Library

UNDERSTANDING STATISTICAL PROCESS CONTROL (Record no. 58578)

000 -LEADER
fixed length control field 00348nam a22001457a 4500
008 - FIXED-LENGTH DATA ELEMENTS--GENERAL INFORMATION
fixed length control field 221014b ||||| |||| 00| 0 eng d
020 ## - INTERNATIONAL STANDARD BOOK NUMBER
International Standard Book Number 0945320132
041 ## - LANGUAGE CODE
Language code of text/sound track or separate title eng
080 ## - UNIVERSAL DECIMAL CLASSIFICATION NUMBER
Edition identifier SECOND EDITION
Universal Decimal Classification number 311
082 ## - DEWEY DECIMAL CLASSIFICATION NUMBER
Classification number 311
100 ## - Rafti
Rafti 25.2
101 ## - Shkurtesa
Shkurtesa STATIC
245 ## - TITLE STATEMENT
Title UNDERSTANDING STATISTICAL PROCESS CONTROL
Statement of responsibility, etc WHEELER D
942 ## - ADDED ENTRY ELEMENTS (KOHA)
Source of classification or shelving scheme
Item type Books
Holdings
Withdrawn status Lost status Source of classification or shelving scheme Damaged status Not for loan Collection code Permanent location Current location Date acquired Total Checkouts Full call number Barcode Date last seen Price effective from Koha item type
          Koleksioni i përgjithshem UBT - Lipjan UBT - Lipjan 10/14/2022   311 WHE 002-800028700260169 10/14/2022 10/14/2022 Books
UBT Library © 2015-2024. All rights reserved University Education for Business and Technology